00625nam a2200205 a 4500008004100000020002200041100002600063245007200089260003800161300003200199504004100231500002000272650002000292651004000312700002000352740002000372003000100392005001700393040000900410  a0669144932 (pbk.)1 aHenderson, J. Vernon.10aPrinciples of macroeconomics /cJ. Vernon Henderson, William Poole. aLexington :bD. C. Heath,cc1991. axxx, 714, [45] p. ;c26 cm. aIncludes bibliographical references. aIncludes index. 0aMacroeconomics. 0aUnited StatesxEconomic conditions.1 aPoole, William. aMacroeconomics.20230123133315.0 cNUST